[Event "về xí nghiệp 20:15"]
[Site "http://www.queenalice.com/game.php?id=1777701"]
[Date "2021.12.19"]
[Round "-"]
[White "zubarev"]
[Black "Bigchess"]
[Result "1-0"]
[WhiteElo "1846"]
[BlackElo "1683"]

1. e4 Nf6 2. Nc3 e5 3. d3 Be7 4. Bg5 d6 5. Nf3 Nc6 6. Be2 Be6 7. Bxf6 Bxf6 8.
O-O a6 9. Qd2 Nd4 10. Rac1 c5 11. Nxd4 cxd4 12. Nd1 O-O 13. f4 exf4 14. Qxf4 Bg5
15. Qf3 Bxc1 16. Nf2 Bxb2 17. Rb1 Bc3 18. Rxb7 Bxa2 19. Nh3 Be6 20. Nf4 a5 21.
Qg3 Qf6 22. Nh5 Qg6 23. Qxd6 Rfd8 24. Qe5 1-0

[Event "Duy nhất "]
[Site "http://www.queenalice.com/game.php?id=1777702"]
[Date "2021.12.19"]
[Round "-"]
[White "Bigchess"]
[Black "zubarev"]
[Result "0-1"]
[WhiteElo "1804"]
[BlackElo "2074"]

1. e4 e5 2. Bc4 Be7 3. Nf3 d6 4. d4 Nc6 5. d5 Na5 6. Bb5+ Bd7 7. Bxd7+ Qxd7 8.
Qd2 b6 9. c4 Nf6 10. Nc3 Nxc4 11. Qe2 Na5 12. Bd2 O-O 13. b4 Nb7 14. a3 c6 15.
O-O c5 16. bxc5 Nxc5 17. Rfb1 Qg4 18. Re1 Rac8 19. Rac1 Ncd7 20. Ng5 Qxe2 21.
Rxe2 Nc5 22. Ree1 Nd3 23. f3 Nxe1 24. Rxe1 Rc4 25. Nb5 Rc2 26. Be3 a6 27. Bxb6
axb5 28. Ba5 Rfc8 29. Bb4 Rc1 30. Rxc1 Rxc1+ 31. Kf2 Ne8 32. Nh3 Nc7 33. Kg3 Na6
0-1

[Event "Construções geométricas"]
[Site "http://www.queenalice.com/game.php?id=1777893"]
[Date "2021.12.21"]
[Round "-"]
[White "zubarev"]
[Black "Bigchess"]
[Result "1/2-1/2"]
[WhiteElo "2038"]
[BlackElo "1791"]

1. e4 e6 2. d4 Nf6 3. Nc3 Be7 4. Nf3 d6 5. Bd3 Nc6 6. O-O O-O 7. Bg5 e5 8. d5
Nb8 9. Ne1 Bg4 10. Be2 Bxe2 11. Qxe2 Nbd7 12. Nd3 a6 13. f4 exf4 14. Bxf4 Nc5
15. Rad1 Nxd3 16. Qxd3 Ng4 17. Qg3 Ne5 18. Bxe5 dxe5 19. Qxe5 Bd6 20. Qf5 f6 21.
Ne2 Be5 22. c3 Qd6 23. h3 b5 24. Nd4 Bh2+ 25. Kh1 Be5 26. Nf3 Rae8 27. Nd4 Bxd4
28. Rxd4 Re5 29. Qf3 Ree8 30. Re1 f5 31. Qe3 fxe4 32. Rxe4 Rxe4 33. Qxe4 Kh8 34.
Kg1 h6 35. Qe7 Qf4 36. Qe2 Qf6 37. a3 Kh7 38. Qe4+ Kh8 39. Qe3 Kh7 40. Qe4+ Kh8
41. Qe3 1/2-1/2

[Event "PAPMEM - Janeiro de 2018"]
[Site "http://www.queenalice.com/game.php?id=1777894"]
[Date "2021.12.21"]
[Round "-"]
[White "Bigchess"]
[Black "zubarev"]
[Result "0-1"]
[WhiteElo "1696"]
[BlackElo "2058"]

1. e4 e5 2. Bc4 Be7 3. Nf3 Nf6 4. d3 d6 5. c3 Be6 6. Qe2 O-O 7. Be3 Bxc4 8. dxc4
Nxe4 9. Nbd2 f5 10. Nxe4 fxe4 11. Nd2 Nd7 12. Nxe4 Nf6 13. Ng5 Qd7 14. h4 d5 15.
cxd5 Qxd5 16. Bd2 a5 17. f3 Nh5 18. Rh3 Bd6 19. Ne4 Qe6 20. Ng5 Qf6 21. O-O-O a4
22. Ne4 Qe6 23. Kb1 Nf6 24. Rg3 Kh8 25. Ng5 Qe7 26. f4 e4 27. Be3 b6 28. a3 h6
29. Qc4 Nh5 30. Rh3 Bxf4 31. Bxf4 Nxf4 32. Rhh1 Nd3 33. Nxe4 Ne5 34. Qb5 Ng6 35.
Rde1 Qd8 36. h5 Ne7 37. g4 c6 38. Qb4 b5 39. Nc5 Nd5 40. Qd4 Rf4 41. Qg1 b4 42.
Ne6 Qb8 43. Nxf4 Qxf4 44. Qd4 Qc7 45. cxb4 Rf8 46. Rc1 Nf6 47. Qc5 Rc8 48. g5
Ne4 49. Qf5 Nxg5 50. Rcg1 Qd8 51. Qg6 c5 0-1

[Event "Desenho 3D como aprender"]
[Site "http://www.queenalice.com/game.php?id=1777895"]
[Date "2021.12.21"]
[Round "-"]
[White "zubarev"]
[Black "Bigchess"]
[Result "1-0"]
[WhiteElo "2138"]
[BlackElo "1793"]

1. e4 e5 2. Nf3 d6 3. Bc4 Be7 4. Nc3 Nf6 5. O-O Bg4 6. Be2 Nc6 7. d3 O-O 8. Bg5
a6 9. Bxf6 Bxf6 10. Nd5 Re8 11. c4 Na7 12. Qb3 b6 13. Rfe1 Nc6 14. Rac1 Bxf3 15.
Bxf3 Nd4 16. Qd1 c6 17. Ne3 Bg5 18. Be2 Qf6 19. Rf1 Qh6 20. Ng4 Qg6 21. Rb1 a5
22. Ne3 Qh6 23. Ng4 Qe6 24. Ne3 Rf8 25. b3 f5 26. Nc2 c5 27. Nxd4 cxd4 28. Qc2
f4 29. Bf3 Bh6 30. Qe2 Kh8 31. Bg4 Qf6 32. b4 g5 33. a3 a4 34. Rfc1 Rfd8 35. c5
dxc5 36. bxc5 bxc5 37. Rxc5 Qd6 38. Rbc1 Rdb8 39. Bf5 Bf8 40. Rc7 Bg7 41. Qh5 h6
42. Qg6 Qxg6 43. Bxg6 Bf6 44. Rh7+ Kg8 45. Rhc7 g4 46. Bh5 Rb3 47. Bf7+ Kf8 48.
Bxb3 axb3 49. Rc8+ Rxc8 50. Rxc8+ Kf7 51. Rb8 1-0

[Event "Rey Enigma Vs Anatoly Karpov "]
[Site "http://www.queenalice.com/game.php?id=1777896"]
[Date "2021.12.21"]
[Round "-"]
[White "Bigchess"]
[Black "zubarev"]
[Result "0-1"]
[WhiteElo "1694"]
[BlackElo "2097"]

1. e4 e5 2. Bc4 Be7 3. Nf3 Nc6 4. d3 Nf6 5. c3 d6 6. Be3 Be6 7. Bxe6 fxe6 8.
Nbd2 O-O 9. Nc4 b5 10. Ncd2 a6 11. d4 exd4 12. Nxd4 Nxd4 13. cxd4 e5 14. d5 Qd7
15. f3 c6 16. dxc6 Qxc6 17. O-O Qd7 18. Re1 Rac8 19. Nf1 Rc6 20. Ng3 Rfc8 21.
Rc1 Qe6 22. Rxc6 Rxc6 23. b3 Qc8 24. Nf5 Bf8 25. Qe2 Rc2 26. Qd3 Rc6 27. Re2 Rc3
28. Qd2 Rc6 29. h3 Qc7 30. Bg5 Rc3 31. Bxf6 gxf6 32. Qd5+ Kh8 33. Rd2 Rc6 34. g4
Rc1+ 35. Kg2 Qb6 36. Qa8 Kg8 37. Qd5+ Kh8 0-1

[Event "Jim Jordan"]
[Site "http://www.queenalice.com/game.php?id=1778135"]
[Date "2021.12.23"]
[Round "-"]
[White "zubarev"]
[Black "Bigchess"]
[Result "1-0"]
[WhiteElo "2017"]
[BlackElo "1686"]

1. e4 Nf6 2. Nc3 e5 3. d3 d5 4. Nf3 dxe4 5. Nxe4 Bd6 6. Bg5 h6 7. Bh4 Be7 8. Be2
Nc6 9. O-O Be6 10. c3 Nxe4 11. Bxe7 Qxe7 12. dxe4 O-O 13. Qc2 Rfd8 14. Rad1 Rxd1
15. Rxd1 a6 16. a3 a5 17. Bb5 Na7 18. Bd3 c5 19. Nxe5 Nc6 20. Nf3 a4 21. Bb5 Bb3
22. Qe2 Bxd1 23. Qxd1 Ne5 24. Ne1 b6 25. Bxa4 Qg5 26. Qd5 Rxa4 27. g3 Qc1 28.
Qxe5 Qxe1+ 29. Kg2 1-0

[Event "Eliene Sousa"]
[Site "http://www.queenalice.com/game.php?id=1778154"]
[Date "2021.12.23"]
[Round "-"]
[White "zubarev"]
[Black "Bigchess"]
[Result "1-0"]
[WhiteElo "2131"]
[BlackElo "1796"]

1. d4 Nf6 2. Nc3 d5 3. e3 e6 4. Nf3 Be7 5. Bd3 c6 6. O-O Nbd7 7. Ne5 Nb6 8. f4
Bd7 9. a3 c5 10. Qf3 c4 11. Be2 Bc6 12. Bd2 Nbd7 13. Nd1 Nf8 14. c3 Ng6 15. Nf2
O-O 16. Nfg4 a6 17. Nxc6 bxc6 18. Ne5 Ne4 19. Be1 Rc8 20. b3 f6 21. Nxg6 hxg6
22. bxc4 Qe8 23. cxd5 cxd5 24. c4 f5 25. c5 Bf6 26. Bxa6 Rb8 27. a4 Nxc5 28. Bb5
Qf7 29. Bb4 Rfc8 30. Rac1 Ne4 31. h3 Be7 32. Bxe7 Qxe7 33. Qe2 Rf8 34. Rc6 Ng3
35. Qf3 Nxf1 36. Kxf1 Qb4 37. Rxe6 Rxb5 38. axb5 Qxb5+ 39. Kf2 Qd3 40. Qxd5 Qd2+
41. Kg3 Qe1+ 42. Kh2 Kh8 43. Qe5 Qh4 44. Rxg6 Qh5 45. Qxg7# 1-0

[Event "Warley Ferreira"]
[Site "http://www.queenalice.com/game.php?id=1778155"]
[Date "2021.12.23"]
[Round "-"]
[White "Bigchess"]
[Black "zubarev"]
[Result "0-1"]
[WhiteElo "1799"]
[BlackElo "2113"]

1. e4 e5 2. Nf3 Nc6 3. Bc4 Be7 4. d3 Nf6 5. Nc3 d6 6. Be3 Be6 7. Bxe6 fxe6 8. a3
d5 9. exd5 exd5 10. Bg5 O-O 11. O-O d4 12. Ne2 Nd5 13. Bxe7 Qxe7 14. Ng3 Qf6 15.
Ne4 Qf7 16. Nfg5 Qg6 17. Qg4 Rae8 18. Qh3 Nf4 19. Qh4 Ne7 20. Rfe1 h6 21. Nh3
Qxg2# 0-1

[Event "Lycanthropic Bishtits"]
[Site "http://www.queenalice.com/game.php?id=1778270"]
[Date "2021.12.25"]
[Round "-"]
[White "zubarev"]
[Black "Bigchess"]
[Result "1-0"]
[WhiteElo "1855"]
[BlackElo "1674"]

1. e4 Nf6 2. Nc3 e5 3. d3 Be7 4. Nf3 d6 5. Be2 c5 6. Bg5 Nc6 7. Bxf6 Bxf6 8. O-O
Be6 9. Nd5 Bxd5 10. exd5 Nd4 11. Nxd4 exd4 12. Bf3 O-O 13. g3 b5 14. Re1 a5 15.
Bg2 Re8 16. Qf3 Qd7 17. Re4 Be5 18. Rc1 Qb7 19. Ree1 b4 20. Kh1 Rab8 21. h3 Qe7
22. Qg4 Qf8 23. Be4 g6 24. Qe2 Qh6 25. Kh2 f5 26. Bg2 Bxg3+ 27. fxg3 Rxe2 28.
Rf1 Qd2 29. Rg1 1-0

[Event "AUTO-OPEN-4334"]
[Site "http://www.queenalice.com/game.php?id=1778710"]
[Date "2021.12.30"]
[Round "1"]
[White "Carlos19"]
[Black "Bigchess"]
[Result "1-0"]
[WhiteElo "1601"]
[BlackElo "1766"]

1. e4 Nf6 2. Nc3 d6 3. Bc4 e5 4. Nf3 Nc6 5. d3 Be7 6. Ng5 O-O 7. h3 Nd4 8. Nd5
Nxd5 9. Bxd5 Bxg5 10. h4 Bxc1 11. Qxc1 c6 12. Bc4 b5 13. Bb3 a5 14. a4 b4 15.
Qg5 1-0

[Event "AUTO-OPEN-4334"]
[Site "http://www.queenalice.com/game.php?id=1778711"]
[Date "2021.12.30"]
[Round "1"]
[White "Bigchess"]
[Black "Carlos19"]
[Result "0-1"]
[WhiteElo "1791"]
[BlackElo "1576"]

1. e4 e5 2. Nf3 Nc6 3. Bc4 Nf6 4. d4 d6 5. d5 Ne7 6. Nc3 c6 7. dxc6 bxc6 8. Bg5
h6 9. Be3 Qa5 10. a3 c5 11. O-O Ba6 12. Bxa6 Qxa6 13. Nd5 Nfxd5 14. exd5 f6 15.
c4 Qxc4 0-1

[Event "AUTO-OPEN-4334"]
[Site "http://www.queenalice.com/game.php?id=1778740"]
[Date "2021.12.30"]
[Round "1"]
[White "pizzaiolo72"]
[Black "Bigchess"]
[Result "1-0"]
[WhiteElo "2082"]
[BlackElo "1801"]

1. e4 Nf6 2. e5 Nd5 3. c4 Nb6 4. d4 d6 5. f4 dxe5 6. fxe5 e6 7. Nf3 Bb4+ 8. Nc3
Nc6 9. a3 Bxc3+ 10. bxc3 Bd7 11. d5 exd5 12. cxd5 Ne7 13. c4 Ng6 14. Bg5 Qc8 15.
Bd3 Ba4 16. Qe2 O-O 17. O-O Kh8 18. Nh4 Nxh4 19. Bxh4 Qe8 20. Qh5 h6 21. Bf6 Rg8
22. Qxh6# 1-0

[Event "AUTO-OPEN-4334"]
[Site "http://www.queenalice.com/game.php?id=1778741"]
[Date "2021.12.30"]
[Round "1"]
[White "Bigchess"]
[Black "pizzaiolo72"]
[Result "0-1"]
[WhiteElo "1796"]
[BlackElo "2081"]

1. e4 c5 2. Nf3 d6 3. d3 Nc6 4. Be2 g6 5. Nc3 Bg7 6. Bd2 Nf6 7. a3 O-O 8. O-O a6
9. Rb1 b5 10. Nd5 e6 11. Nxf6+ Bxf6 12. Be3 Bb7 13. c3 Qc7 14. Bf4 e5 15. Bh6
Bg7 16. Bxg7 Kxg7 17. Qd2 f5 18. Ng5 Qd7 19. exf5 Qxf5 20. Bf3 Na5 21. Bxb7 Nxb7
22. Ne4 Rad8 23. Qe3 Qf4 24. Qe1 d5 25. Ng3 d4 26. cxd4 exd4 27. Ne4 Rde8 28.
Qd1 c4 0-1

[Event "I match 1/15"]
[Site "http://www.queenalice.com/game.php?id=1778935"]
[Date "2022.1.2"]
[Round "-"]
[White "zubarev"]
[Black "Bigchess"]
[Result "1-0"]
[WhiteElo "2099"]
[BlackElo "1692"]

1. e4 Nf6 2. Nc3 e5 3. d3 d6 4. Bg5 Be7 5. Nf3 Be6 6. Be2 c5 7. O-O Nc6 8. a3
Nd4 9. Rc1 a6 10. Qd2 b5 11. Nxd4 1-0